Установление и упрочение Советской власти в Смоленской губернии [в 1917-1918 гг.] : (Record no. 431389)
[ view plain ]
| 000 -LEADER | |
|---|---|
| fixed length control field | 01219nam a2200217 a 4500 |
| 003 - CONTROL NUMBER IDENTIFIER | |
| control field | AM-YeHGA |
| 040 ## - CATALOGING SOURCE | |
| Original cataloging agency | AM-YeHGA |
| 090 ## - LOCALLY ASSIGNED LC-TYPE CALL NUMBER (OCLC); LOCAL CALL NUMBER (RLIN) | |
| -- | 433963 |
| 005 - DATE AND TIME OF LATEST TRANSACTION | |
| control field | 20250617155354.0 |
| 008 - FIXED-LENGTH DATA ELEMENTS--GENERAL INFORMATION | |
| fixed length control field | 180416s1957 ru |||||r|||||000|0|rus|| |
| 041 0# - LANGUAGE CODE | |
| Language code of text/sound track or separate title | rus |
| 245 00 - TITLE STATEMENT | |
| Title | Установление и упрочение Советской власти в Смоленской губернии [в 1917-1918 гг.] : |
| Remainder of title | Сборник документов / |
| Statement of responsibility, etc. | [Сост. М.В. Воробьев и др.] ; Парт. архив Смол. обкома КПСС. Архивный отд. УВД Смол. облисполкома. |
| 260 ## - PUBLICATION, DISTRIBUTION, ETC. | |
| Place of publication, distribution, etc. | Смоленск : |
| Name of publisher, distributor, etc. | Кн. изд-во, |
| Date of publication, distribution, etc. | 1957. |
| 300 ## - PHYSICAL DESCRIPTION | |
| Extent | 371 с. ; |
| Dimensions | 21 см. |
| 650 14 - SUBJECT ADDED ENTRY--TOPICAL TERM | |
| Topical term or geographic name entry element | История СССР |
| 650 14 - SUBJECT ADDED ENTRY--TOPICAL TERM | |
| Topical term or geographic name entry element | Великая Октябрьская социалистическая революция |
| Geographic subdivision | Смоленская губерния |
| Form subdivision | Документы и материалы |
| 650 14 - SUBJECT ADDED ENTRY--TOPICAL TERM | |
| Topical term or geographic name entry element | КПСС |
| General subdivision | История |
| -- | Смоленская организация |
| Form subdivision | Документы и материалы |
| 700 1# - ADDED ENTRY--PERSONAL NAME | |
| Personal name | Воробьев, М.В. |
| Relator term | сост. |
| Relationship | com |
| 710 2# - ADDED ENTRY--CORPORATE NAME | |
| Corporate name or jurisdiction name as entry element | Смоленский областной архивный отдел |
| 942 ## - ADDED ENTRY ELEMENTS (KOHA) | |
| Source of classification or shelving scheme | Universal Decimal Classification |
| Koha item type | Գրքեր / Books |
| Withdrawn status | Lost status | Source of classification or shelving scheme | Damaged status | Not for loan | Collection | Home library | Current library | Date acquired | Total checkouts | Full call number | Barcode | Date last seen | Price effective from | Koha item type | Public note |
|---|---|---|---|---|---|---|---|---|---|---|---|---|---|---|---|
| Universal Decimal Classification | General | Fundamental Scientific Library | Fundamental Scientific Library | 15/05/2019 | РД II/60600 | FL0577822 | 15/05/2019 | 15/05/2019 | Գրքեր / Books | 30 Days Load |
ՀՀ Գիտությունների ազգային ակադեմիայի հիմնարար գիտական գրադարան = Fundamental Scientific Library of NAS RA
All site content, except where otherwise noted, is licensed under a